| 000 | 00751nam a2200241 i 4500 | ||
|---|---|---|---|
| 001 | 16956 | ||
| 003 | BD-RjUL | ||
| 005 | 20211209000053.0 | ||
| 008 | 140215r19741904nyua 000 0ceng | ||
| 020 | _a0878171509 | ||
| 035 | _a(BD-RjUL)17012 | ||
| 040 |
_aDLC _cDLC _dBD-RjUL _beng |
||
| 041 | _aeng | ||
| 082 | 0 | 0 |
_a709.22 _bCLW 1974 |
| 100 | 1 |
_aClement, Clara Erskine _d1834-1916. _952324 |
|
| 245 | 1 | 0 |
_aWomen in the fine arts, from the seventh century B.C. to the twentieth century A.D. / _cClara Erskine Clement. |
| 260 |
_aNew York : _bHacker Art Books, _c1904 [reissued 1974]. |
||
| 300 |
_ali, 395 p. : _bill. ; _c21 cm. |
||
| 650 | 0 |
_aWomen artists _xBiography. _952325 |
|
| 942 |
_2ddc _cBK |
||
| 999 |
_c16956 _d16956 |
||